STN EN 1434-2: 2016 (25 8512) [neplatná], Merače tepla Časť 2 Požiadavky na konštrukciu

Táto norma je slovenskou verziou európskej normy 1434-2: 2015. Preklad zabezpečil Úrad pre normalizáciu, metrológiu a skúšobníctvo Slovenskej republiky. Táto norma má rovnaké postavenie, ako majú oficiálne verzie

Bibliographic Details
Corporate Author: Asociácia metrológov Slovenska (Bratislava, Slovensko) (Translator)
Other Authors: Mikulecký, Ivan (Translator)
Format: Book
Language:Slovak
English
PhysicalDescription:40 strán obrázky, tabuľky 30 cm
Published: Bratislava Úrad pre normalizáciu, metrológiu a skúšobníctvo Slovenskej republiky 2016
Subjects:

MARC

LEADER 00000cam a2200000 a 4500
001 vtls011597335
003 SK-MaSNL
005 20260302015135.0
008 161202s2016 xo a f nu 000 0 slo
015 |a SNBN2017 
040 |a SNK  |b slo  |c SNK  |e AACR2 
041 1 |a slo  |h eng 
044 |a xo  |c SK 
046 |a m  |m 20161201 (účin.)  |n 20190501 (zruš.) 
072 7 |a 697  |x Vykurovanie, vetranie, klimatizácia  |2 konspekt 
072 7 |a 681  |x Presná mechanika a prístroje. Hudobné nástroje  |2 konspekt 
072 7 |a 62  |x Technika všeobecne  |2 konspekt 
080 |a 697.347  |2 2001 
080 |a 006.7/.8  |2 2001 
080 |a (437.6)  |2 2001 
080 |a (4)  |2 2001 
080 |a (083.742)  |2 2011 
080 |a 681.12  |2 2001 
080 |a 62-027.28  |2 2001 
084 |a 17.200.10  |2 ICS 
130 0 |a STN 25 8512 (STN EN 1434-2) [neplatná]  |9 660549 
245 1 0 |a STN EN 1434-2: 2016 (25 8512) [neplatná], Merače tepla  |n Časť 2  |p Požiadavky na konštrukciu 
246 1 0 |a Merače tepla 
246 1 0 |a Požiadavky na konštrukciu 
246 3 0 |a EN 1434-2: 2015 SK 
260 |a Bratislava  |b Úrad pre normalizáciu, metrológiu a skúšobníctvo Slovenskej republiky  |c 2016 
300 |a 40 strán  |b obrázky, tabuľky  |c 30 cm 
500 |a Súbežný názov v angličtine, francúzštine, nemčine 
500 |a Spracovateľ: Asociácia metrológov Slovenska Bratislava, Ivan Mikulecký 
500 |a Táto norma nahrádza aglickú verziu STN EN 1434-2 z apríla 2016, ktorá od 1.4.2016 nahradila STN EN 434-2 z mája 2008 v celom rozsahu 
500 |a [Norma je nahradená anglickou verziou normy STN EN 1434-2+A1 z mája 2019, ktorú nahradila opäť anglická verzia normy STN EN 1434-2 z decembra 2022 v celom rozsahu. Túto normu nahradila slovenská verzia normy STN EN 1434-2 z novembra 2023 v celom rozsahu] 
504 |a Normatívne referenčné dokumenty, súvisiace právne predpisy na strane 2 a bibliografia na strane 40 
520 8 |a Táto norma je slovenskou verziou európskej normy 1434-2: 2015. Preklad zabezpečil Úrad pre normalizáciu, metrológiu a skúšobníctvo Slovenskej republiky. Táto norma má rovnaké postavenie, ako majú oficiálne verzie 
540 |a STN vydané na akomkoľvek nosiči sa môžu rozmnožovať a rozširovať iba so súhlasom určenej právnickej osoby  |b SÚTN Bratislava  |c zákon 264/1999 Z. z. 
650 0 7 |a spotreba tepla  |2 SNKPH  |9 68816 
650 0 7 |a technické normy a štandardy  |z Slovensko  |2 SNKPH  |9 79594 
650 0 7 |a technické normy a štandardy  |z krajiny Európskej únie  |2 SNKPH  |9 289341 
650 0 7 |a Heat consumption  |2 SNKPH  |9 323726 
650 0 7 |a Temperature measurement  |2 SNKPHeng  |9 323725 
650 0 7 |a merače spotreby  |2 SNKPH  |9 51044 
650 0 7 |a Consumption meters  |2 SNKPHeng  |9 323727 
650 0 7 |a konštrukcia (technika)  |2 SNKPH  |9 67947 
650 0 7 |a Construction (technology)  |2 SNKPHeng  |9 317143 
655 7 |a normy  |2 SNKPH  |9 70643 
700 1 |a Mikulecký, Ivan  |4 trl  |9 289181 
710 1 |a Slovensko.  |b Úrad pre normalizáciu, metrológiu a skúšobníctvo  |4 stn  |9 158117 
710 2 |a Slovenský ústav technickej normalizácie (Bratislava, Slovensko).  |b Technická komisia č. 110 Metrológia  |4 stn  |9 303045 
710 2 |a Asociácia metrológov Slovenska (Bratislava, Slovensko)  |4 trl  |9 445814 
852 |a Štátna vedecká knižnica v Banskej Bystrici 
958 |a OP 
958 |a NB 
999 |c 1019874  |d 1021804 
952 |a SNK  |b SNK  |y PREZ  |7 0  |p 17A1250979  |o snkSTN EN 1434-2 D1  |i snk2017/1322  |8 0  |0 0  |1 0  |4 0  |d 2017-01-17  |l 0  |r 2026-02-24 13:20:46  |w 2026-02-24 
952 |a SNK  |b SNK  |y PREZ  |7 0  |p 17A1250978  |o snkSTN EN 1434-2  |i snk2017/1321  |8 0  |0 0  |1 0  |4 0  |d 2017-01-17  |l 0  |r 2026-02-24 13:20:46  |w 2026-02-24